Popular culture (Record no. 314146)

MARC details
000 -LEADER
fixed length control field 00526nam a22002057a 4500
005 - DATE & TIME
control field 20240208110247.0
008 - FIXED-LENGTH DATA ELEMENTS--GENERAL INFORMATION
fixed length control field 240208b |||||||| |||| 00| 0 eng d
020 ## - ISBN
International Standard Book Number 9789352875757
Price Rs. 325.00
040 ## - CATALOGING SOURCE
Original cataloging agency VIVEKANANDA LIBRARY
082 ## - DDC NUMBER
Classification number 070.1
Book Number C349P
100 ## - MAIN ENTRY--PERSONAL NAME
Personal name Chakraborty, Abin
245 ## - TITLE STATEMENT
Title Popular culture
260 ## - PUBLICATION, DISTRIBUTION, ETC. (IMPRINT)
Place of publication, distribution, etc Hyderabad
Name of publisher, distributor, etc Orient Blackswan
Date of publication, distribution, etc 2019
300 ## - PHYSICAL DESCRIPTION
Pages xiii, 185
440 ## - Series Statement
Series Title Literary/cultural theory
650 ## - Subject
Subject Popular Culture
650 ## - Subject
Subject Journalism
700 ## - Added Entry Personal Name
Added Entry Personal Name Sen, Krishna, ed.
942 ## - ADDED ENTRY ELEMENTS (KOHA)
Koha item type Books
Holdings
Withdrawn status Lost status Source of classification or shelving scheme Damaged status Not for loan Location (home branch) Sublocation or collection (holding branch) Date acquired Koha issues (times borrowed) Koha full call number Accession No. Koha date last seen Koha item type
    Dewey Decimal Classification     VIVEKANANDA LIBRARY VIVEKANANDA LIBRARY 08/02/2024   070.1 C349P 408188 08/02/2024 Books
© Designed and Maintained by Vivekananda Library, MDU Rohtak